| 000 | 00587nam a22002297a 4500 | ||
|---|---|---|---|
| 001 | 26793 | ||
| 003 | UA-OsUOA | ||
| 005 | 20230114202331.0 | ||
| 007 | ta | ||
| 008 | 20050517b un ||||| |||| 00| 0 ukr d | ||
| 040 |
_aUA-OsUOA _bukr _cUA-OsUOA _dUA-OsUOA |
||
| 041 | _aukr | ||
| 044 | _aUA | ||
| 080 | _a512.5(075.8) | ||
| 090 |
_a512.5(075.8) _bВ55 |
||
| 245 |
_aВища математика _cред. Г. Л. Кулініч _nкн. 2 _pОсновні розділи |
||
| 260 |
_aК. _bЛибідь _c2003 |
||
| 300 | _a400 с. | ||
| 650 | 7 | _2UDC | |
| 942 |
_cBK _2udc |
||
| 955 | _a0 | ||
| 999 |
_c313122 _d313122 |
||